Finis les paroles - Gazo - Statistiques

Statistiques générales
  • Ce quiz a été pris 512 fois
  • Le résultat moyen est 5 sur 9
Statistiques - réponses
Hint Réponse % Correct
Eh, t'sais qu'on a plus rien à perdre, est-ce que pour ta famille, tu passerais l'éternité en... enfer
88%
Il m'faut des billets d’banque et des armes... lourdes
88%
Elle veut savoir, j'suis dans quel... bail
81%
À mon enterrement, ne pleure pas, encore moins si tu n’étais pas mon... ami
77%
Y a pas qu’à la fin des phrases qu’on a utilisé lеs.... points
63%
De l’intérieur, ça me détruit, tellement qu’j’arrive plus à... pleurer
60%
On était liés, mais on s’est... défaits
48%
J’te confie, mais trahis-moi, faut qu’tu t’.... confines
31%
J’vais tous les griller comme poulet braisé tant qu’j’aurai pas eu ma... pièce
9%
Aucun quiz correspondant
Distribution des résultats
% des personnes avec chaque résultat
Percentile par nombre de réponses
Votre historique - résultats
Vous n’avez pas pris ce quiz